| 000 | 005050000a22001810004500 | ||
|---|---|---|---|
| 003 | MACL | ||
| 005 | 20151027150316.0 | ||
| 008 | 151027b xxu||||| |||| 00| 0 eng d | ||
| 040 |
_aMACL _cMACL |
||
| 041 | _aEnglish | ||
| 082 | _a020/PAN | ||
| 100 |
_aPandit, P Vijayalakhmi _916990 |
||
| 245 | _aInformation and communication technologies in open distance learning | ||
| 260 |
_bGRADE _c2009 _aNew Delhi |
||
| 350 | _a600 | ||
| 650 |
_aLibrary & information science _916991 |
||
| 942 |
_cBK _k020/PAN _2ddc |
||
| 999 |
_c44452 _d44452 |
||